[Event "Aktivschach 2008"]
[Site "?"]
[Date "2009.09.03"]
[Round "1"]
[White "Kishon Chesster, Fidelity"]
[Black "MM II + HG240, Mephisto"]
[Result "1-0"]
[WhiteElo "1874"]
[BlackElo "1805"]
[Annotator "Alexander Riedel"]
[PlyCount "113"]
[EventDate "2008.??.??"]
[SourceDate "2009.06.14"]

1. e4 Nf6 2. e5 Nd5 3. d4 d6 4. Nf3 Nc6 5. c4 Nb6 6. e6 fxe6 7. Ng5 e5 8. d5
Nd4 9. Bd3 Bf5 10. Bxf5 Nxf5 11. Ne6 Qc8 12. O-O c5 13. Qd3 g6 14. f4 exf4 15.
Bxf4 Bg7 16. Nxg7+ Nxg7 17. Be3 Nf5 18. Bd2 O-O 19. Nc3 e6 20. Rae1 exd5 21.
Nxd5 Qd8 22. Bc3 Nxd5 23. Qxd5+ Rf7 24. b3 Qg5 25. Re4 Qh6 26. Qe6 Raf8 27. Bf6
Qd2 28. Rxf5 Qxa2 29. Rf3 Qb1+ 30. Re1 Qxe1+ 31. Qxe1 Rxf6 32. Rxf6 Rxf6 33.
Qe8+ Kg7 34. Qe7+ Rf7 35. Qxd6 b6 36. Qe5+ Rf6 37. g4 h6 38. h4 g5 39. hxg5
hxg5 40. Qxg5+ Kf7 41. Qd5+ Kg7 42. g5 Rg6 43. Qb7+ Kh8 44. Qa8+ Kh7 45. Qxa7+
Rg7 46. Qxb6 Rxg5+ 47. Kf2 Kg7 48. Qe6 Kh7 49. Ke3 Rg3+ 50. Ke4 Rxb3 51. Kd5
Kg7 52. Kxc5 Ra3 53. Kd5 Ra5+ 54. c5 Ra3 55. Qe7+ Kg6 56. c6 Ra2 57. c7 1-0

[Event "Aktivschach 2008"]
[Site "?"]
[Date "2008.01.25"]
[Round "2"]
[White "Kishon Chesster, Fidelity"]
[Black "MM IV + HG440, Mephisto"]
[Result "1/2-1/2"]
[WhiteElo "1873"]
[BlackElo "1946"]
[Annotator "Alexander Riedel"]
[PlyCount "66"]
[EventDate "2008.??.??"]
[SourceDate "2009.06.14"]

1. d4 Nf6 2. c4 e6 3. Nc3 c5 4. d5 exd5 5. cxd5 d6 6. e4 g6 7. Nf3 Bg7 8. Be2
O-O 9. O-O Re8 10. Nd2 a6 11. a4 Nbd7 12. Qc2 Ne5 13. Ra3 Bd7 14. Nf3 Nxf3+ 15.
Bxf3 Bg4 16. Bxg4 Nxg4 17. h3 Ne5 18. Ra1 Qb6 19. Bg5 Nc4 20. Rab1 f6 21. Bf4
Re7 22. Ra1 f5 23. exf5 gxf5 24. b3 Na5 25. Rab1 Rae8 26. Bg5 Re5 27. Bd2 R5e7
28. Qxf5 Nxb3 29. Qc2 c4 30. Bg5 Re5 31. Bf4 R5e7 32. Bg5 Re5 33. Bf4 R5e7
1/2-1/2

[Event "Aktivschach 2008"]
[Site "?"]
[Date "2009.09.04"]
[Round "1"]
[White "Kishon Chesster, Fidelity"]
[Black "Modena, Mephisto"]
[Result "1-0"]
[WhiteElo "1874"]
[BlackElo "1859"]
[Annotator "Alexander Riedel"]
[PlyCount "91"]
[EventDate "2008.??.??"]
[SourceDate "2009.06.14"]

1. d4 f5 2. c4 Nf6 3. g3 e6 4. Bg2 Be7 5. Nf3 O-O 6. O-O d5 7. Nc3 c6 8. Qc2
Na6 9. Qb3 Nc7 10. c5 Nd7 11. Bf4 b6 12. Qa4 Bb7 13. b4 Bf6 14. Qb3 Ba6 15. Qa3
Bc4 16. Bd6 Re8 17. Ne5 Nxe5 18. dxe5 Be7 19. Rfd1 Bg5 20. e3 Nb5 21. Nxb5 Bxb5
22. f4 Bh6 23. Qb2 Bc4 24. a4 bxc5 25. Bxc5 a5 26. Bd6 axb4 27. Qxb4 Be2 28.
Rd2 Bh5 29. Qb7 Qc8 30. Rb2 c5 31. a5 c4 32. a6 c3 33. Rb6 Qxb7 34. Rxb7 c2 35.
a7 Rec8 36. Rb8 Re8 37. Rxa8 Rxa8 38. Bb8 Kf7 39. Kf2 g5 40. Bf3 Bxf3 41. Kxf3
d4 42. exd4 Kg6 43. Rc1 Kh5 44. Rxc2 gxf4 45. gxf4 Kh4 46. Rc7 1-0

[Event "Aktivschach 2008"]
[Site "?"]
[Date "2008.09.29"]
[Round "2"]
[White "Kishon Chesster, Fidelity"]
[Black "Polgar, Mephisto"]
[Result "1/2-1/2"]
[WhiteElo "1873"]
[BlackElo "2002"]
[Annotator "Alexander Riedel"]
[PlyCount "141"]
[EventDate "2008.??.??"]
[SourceDate "2009.06.14"]

1. d4 d5 2. c4 dxc4 3. Nf3 Nf6 4. e3 e6 5. Bxc4 c5 6. O-O a6 7. Qe2 b5 8. Bb3
Bb7 9. Rd1 Nbd7 10. e4 Nxe4 11. d5 exd5 12. Bxd5 Bxd5 13. Rxd5 Qe7 14. Rd1 Nd6
15. Qxe7+ Bxe7 16. Nc3 O-O-O 17. Bf4 Nc4 18. b3 Bf6 19. Rac1 Bxc3 20. Rxc3 Nf6
21. Rxd8+ Rxd8 22. Rc1 Nd5 23. Bg5 f6 24. bxc4 fxg5 25. cxd5 Rxd5 26. Kf1 c4
27. h3 Kc7 28. Re1 Kd6 29. Re3 b4 30. Re8 Rc5 31. Rb8 c3 32. Nd4 c2 33. Nxc2
Rxc2 34. Rxb4 Rxa2 35. Rb7 h6 36. Rxg7 Ra1+ 37. Ke2 Ke5 38. Rg6 Ra2+ 39. Kf3
Ra3+ 40. Kg4 Ra4+ 41. Kg3 a5 42. Rxh6 Kf5 43. Rc6 Ra3+ 44. f3 Ra4 45. Rc2 Ke5
46. Rc5+ Kf6 47. Kf2 Ra2+ 48. Ke3 Ra1 49. g3 a4 50. h4 gxh4 51. gxh4 Re1+ 52.
Kd3 Rf1 53. Ke4 Rb1 54. Rc6+ Kg7 55. f4 Rb4+ 56. Ke5 Rb5+ 57. Ke6 Rb4 58. Kf5
Rb5+ 59. Kg4 Ra5 60. h5 a3 61. Rc1 a2 62. Ra1 Kh6 63. Kh4 Rxh5+ 64. Kg4 Ra5 65.
Kf3 Kg6 66. Ke4 Kf6 67. Kd4 Kf5 68. Kc3 Kxf4 69. Kb2 Ke4 70. Rxa2 Rxa2+ 71.
Kxa2 1/2-1/2

[Event "Aktivschach 2008"]
[Site "?"]
[Date "2008.10.27"]
[Round "2"]
[White "Kishon Chesster, Fidelity"]
[Black "Roma 68000, Mephisto"]
[Result "0-1"]
[WhiteElo "1873"]
[BlackElo "1995"]
[Annotator "Alexander Riedel"]
[PlyCount "145"]
[EventDate "2008.??.??"]
[SourceDate "2009.06.14"]

1. d4 d5 2. c4 c6 3. Nf3 Nf6 4. Nc3 e6 5. e3 Nbd7 6. Bd3 dxc4 7. Bxc4 b5 8. Bd3
Bb7 9. e4 b4 10. Na4 c5 11. e5 Bxf3 12. Qxf3 Nd5 13. Be3 cxd4 14. Bxd4 Qc7 15.
Bb5 Qb7 16. Be2 Qc6 17. b3 Qc7 18. Bb5 Rc8 19. O-O Be7 20. Bxd7+ Qxd7 21. Rac1
O-O 22. Nc5 Qb5 23. Ne4 Qa6 24. Nd6 Rxc1 25. Rxc1 Qxa2 26. Ra1 Qc2 27. Bxa7
Bxd6 28. exd6 Rd8 29. Bd4 f6 30. Qg4 Rxd6 31. Ra8+ Kf7 32. Qh5+ Qg6 33. Qd1 Ne7
34. f4 Qf5 35. Rb8 Qd5 36. Rxb4 Nc6 37. Rb7+ Kf8 38. b4 Qxd4+ 39. Qxd4 Rxd4 40.
b5 Nd8 41. Rb8 Ke7 42. g3 e5 43. fxe5 fxe5 44. h3 e4 45. Kf2 Rb4 46. h4 h5 47.
Ke3 Rb3+ 48. Kf4 Rf3+ 49. Kxe4 Rxg3 50. Rc8 Rg4+ 51. Kd5 Rxh4 52. b6 Rh2 53.
Rc7+ Kf6 54. Kc4 Rb2 55. Rd7 Nf7 56. Kc5 g5 57. Rd1 h4 58. Kc6 Ne5+ 59. Kc7
Rc2+ 60. Kb8 Ke6 61. Ka8 Ra2+ 62. Kb8 Nd7+ 63. Kc7 Rc2+ 64. Kb7 h3 65. Re1+ Kf5
66. Rf1+ Kg4 67. Rb1 h2 68. Ra1 Nc5+ 69. Kb8 Kf3 70. Ka7 Ra2+ 71. Rxa2 h1=Q 72.
b7 Nxb7 73. Ra4 0-1

[Event "Aktivschach 2008"]
[Site "?"]
[Date "2009.08.14"]
[Round "1"]
[White "Kishon Chesster, Fidelity"]
[Black "Super Expert C 6 MHz, Novag"]
[Result "0-1"]
[WhiteElo "1874"]
[BlackElo "2034"]
[Annotator "Alexander Riedel"]
[PlyCount "152"]
[EventDate "2008.??.??"]
[SourceDate "2009.06.14"]

1. d4 d5 2. c4 dxc4 3. Nf3 Nf6 4. e3 Bg4 5. Bxc4 e6 6. h3 Bh5 7. Nc3 Nbd7 8.
O-O Bd6 9. e4 e5 10. dxe5 Nxe5 11. Be2 O-O 12. Nd4 Bxe2 13. Ndxe2 Re8 14. Bg5
h6 15. Bf4 Nh5 16. Be3 Nc4 17. Qd5 Nxe3 18. fxe3 Nf6 19. Qxb7 Rb8 20. Qxa7 Rxb2
21. Rab1 Rxb1 22. Rxb1 Kh7 23. Rf1 Qe7 24. Qa5 c5 25. Qa6 Qe5 26. g3 Qe6 27. a4
Bf4 28. Qd3 c4 29. Nxf4 cxd3 30. Nxe6 Rxe6 31. Rd1 Nxe4 32. Rxd3 Nxg3 33. Kf2
Nh5 34. Rd7 Kg6 35. Rc7 Re5 36. Nb5 Nf6 37. Rc4 Ne4+ 38. Ke2 Kf6 39. Rc1 g6 40.
Nd4 Ra5 41. Rc6+ Kg7 42. Kd3 Nf2+ 43. Kc3 Rxa4 44. h4 Ng4 45. e4 Nf6 46. Rc7
Nxe4+ 47. Kd3 Nf2+ 48. Kc3 Kf6 49. Rc8 Ra3+ 50. Nb3 Ne4+ 51. Kc2 Ke5 52. Re8+
Kf4 53. Rh8 h5 54. Nc1 Rc3+ 55. Kb2 Rc7 56. Re8 Nd6 57. Rd8 Nf5 58. Nd3+ Ke4
59. Nb4 Nxh4 60. Na6 Rc4 61. Kb3 Rc1 62. Kb2 Rc6 63. Re8+ Kf3 64. Nb4 Rc7 65.
Nd5 Rc5 66. Nf6 Rc6 67. Re1 Kf2 68. Re4 Kg3 69. Re3+ Nf3 70. Ne4+ Kf4 71. Rxf3+
Kxf3 72. Ng5+ Kf4 73. Nxf7 h4 74. Nd8 Rf6 75. Kc3 h3 76. Kd2 Rd6+ 0-1

[Event "Aktivschach 2008"]
[Site "?"]
[Date "2009.09.04"]
[Round "1"]
[White "Kishon Chesster, Fidelity"]
[Black "Monte Carlo, Mephisto"]
[Result "1-0"]
[WhiteElo "1874"]
[BlackElo "1888"]
[Annotator "Alexander Riedel"]
[PlyCount "87"]
[EventDate "2008.??.??"]
[SourceDate "2009.06.14"]

1. d4 d5 2. c4 e5 3. dxe5 d4 4. Nf3 Nc6 5. g3 Bg4 6. Bg2 Qd7 7. O-O O-O-O 8.
Re1 Bf5 9. Bd2 Bc5 10. a3 h6 11. b4 Be7 12. b5 Nb8 13. Ra2 h5 14. Qa4 a6 15.
Rd1 h4 16. gxh4 Be6 17. Rb2 Bg4 18. Bg5 Bxf3 19. Bxf3 Bxg5 20. hxg5 Qh3 21.
bxa6 Qxh2+ 22. Kf1 Qh3+ 23. Bg2 Nxa6 24. Bxh3+ Rxh3 25. Rd3 Rh1+ 26. Kg2 Rh5
27. Qb5 Rxg5+ 28. Kf1 Rg6 29. Qxb7+ Kd7 30. Rxd4+ Ke7 31. Rxd8 Kxd8 32. Qa8+
Ke7 33. Qxg8 Nc5 34. Rb8 Ke6 35. Re8+ Kf5 36. Qxf7+ Kg5 37. f4+ Kg4 38. Qxg6+
Kxf4 39. Qf7+ Kg4 40. Qxg7+ Kf4 41. Qf8+ Kg4 42. Qf3+ Kh4 43. Qg2 Ne4 44. Rh8#
1-0

[Event "Aktivschach 2008"]
[Site "?"]
[Date "2008.08.25"]
[Round "2"]
[White "MM II + HG240, Mephisto"]
[Black "D++ 6 MHz, Saitek"]
[Result "1-0"]
[WhiteElo "1805"]
[BlackElo "2026"]
[Annotator "Alexander Riedel"]
[PlyCount "97"]
[EventDate "2008.??.??"]
[SourceDate "2009.06.14"]

1. e4 c5 2. Nf3 e6 3. d4 cxd4 4. Nxd4 Nc6 5. Nc3 Qc7 6. Be3 a6 7. Be2 Nf6 8.
O-O Bb4 9. Na4 O-O 10. Nxc6 bxc6 11. Nb6 Rb8 12. Nxc8 Rfxc8 13. Bxa6 Rd8 14. e5
Qxe5 15. Ba7 Ra8 16. Bb6 Rdb8 17. Bd4 Qf4 18. g3 Qg5 19. Qe2 d5 20. Qe5 Qh6 21.
Qe2 Bd6 22. a4 c5 23. Bxf6 Qxf6 24. c3 Qf5 25. Rad1 Qh3 26. Bb5 c4 27. Bxc4
Rxa4 28. b4 Rba8 29. Bb3 Ra3 30. Qb2 R3a7 31. Rfe1 Rc8 32. Ra1 Rac7 33. Re3 f6
34. Rd1 Be5 35. Rdd3 Rb7 36. Ba2 Ra7 37. Bb3 Rca8 38. Rd1 Ra3 39. b5 R3a5 40.
Qe2 Ra3 41. Qb2 R8a5 42. b6 Bd6 43. c4 dxc4 44. Rxd6 cxb3 45. Re1 Ra2 46. Qxb3
R5a3 47. Rd8+ Kf7 48. Qb5 Qxh2+ 49. Kxh2 1-0

[Event "Aktivschach 2008"]
[Site "?"]
[Date "2008.09.03"]
[Round "2"]
[White "MM II + HG240, Mephisto"]
[Black "GK 2000, Saitek"]
[Result "0-1"]
[WhiteElo "1805"]
[BlackElo "1974"]
[Annotator "Alexander Riedel"]
[PlyCount "91"]
[EventDate "2008.??.??"]
[SourceDate "2009.06.14"]

1. Nf3 Nf6 2. c4 c5 3. Nc3 d5 4. cxd5 Nxd5 5. e4 Nxc3 6. bxc3 Bg4 7. Bc4 e6 8.
Qa4+ Nc6 9. Ne5 Bh5 10. Bb5 Rc8 11. Nxc6 bxc6 12. Bxc6+ Ke7 13. Qxa7+ Kf6 14.
Bb7 Qc7 15. Ba3 Bd6 16. Rb1 Ra8 17. e5+ Kxe5 18. d4+ Kf6 19. Qxa8 Rxa8 20. Bxa8
Qa5 21. O-O Qxa3 22. Be4 h6 23. Rb3 Qxa2 24. Rb6 Be7 25. Bf3 Bxf3 26. gxf3 Qc4
27. Rfb1 cxd4 28. cxd4 Qxd4 29. Rb7 Bd6 30. Kg2 Qf4 31. Rh1 Qg5+ 32. Kf1 Qd5
33. Rb2 Qxf3 34. Kg1 Ke5 35. Rb5+ Kf4 36. Rb2 Qd1+ 37. Kg2 Qd5+ 38. Kf1 Qxh1+
39. Ke2 Bc5 40. Rd2 Qe4+ 41. Kd1 Kf3 42. Rc2 Qd3+ 43. Kc1 Ba3+ 44. Kb1 Qb3+ 45.
Ka1 Qxc2 46. h4 0-1

[Event "Aktivschach 2008"]
[Site "?"]
[Date "2009.09.03"]
[Round "2"]
[White "MM II + HG240, Mephisto"]
[Black "Kishon Chesster, Fidelity"]
[Result "1-0"]
[WhiteElo "1805"]
[BlackElo "1874"]
[Annotator "Alexander Riedel"]
[PlyCount "133"]
[EventDate "2008.??.??"]
[SourceDate "2009.06.14"]

1. e4 c5 2. c3 d5 3. exd5 Qxd5 4. Nf3 e6 5. d4 Nc6 6. Be3 cxd4 7. cxd4 Bb4+ 8.
Nc3 Nf6 9. Be2 Qa5 10. Qb3 Ne4 11. Rc1 Nxc3 12. bxc3 Be7 13. O-O O-O 14. Bc4
Rd8 15. Bf4 b6 16. Bc7 Rd7 17. Bg3 Qf5 18. Rce1 Na5 19. Qb5 Nxc4 20. Qxc4 Bb7
21. Ne5 Bd5 22. Qa4 Rdd8 23. c4 Bb7 24. Nc6 Bxc6 25. Qxc6 Rac8 26. Qb7 Bf6 27.
Bc7 Re8 28. d5 Bc3 29. Re3 Bd4 30. Rf3 Qc2 31. d6 Qa4 32. Bxb6 axb6 33. Qxf7+
Kh8 34. d7 Qc6 35. dxe8=N Qxe8 36. Qxe8+ Rxe8 37. Re1 e5 38. Kf1 Rc8 39. Ke2 e4
40. Rf4 Ra8 41. Rxe4 Bc5 42. Ra1 Kg8 43. a4 Kf7 44. f4 Kf6 45. g4 g6 46. Kd3 h5
47. gxh5 gxh5 48. Re5 Bd6 49. Rxh5 Bxf4 50. h4 Kg6 51. Rd5 Rh8 52. Rb1 Bc7 53.
c5 bxc5 54. Rxc5 Rd8+ 55. Kc4 Bd6 56. Rg5+ Kh7 57. Rh1 Be7 58. Rd5 Rc8+ 59. Kb5
Rb8+ 60. Kc6 Rb4 61. Rd7 Re4 62. h5 Kh6 63. a5 Rc4+ 64. Kb7 Bh4 65. a6 Rb4+ 66.
Kc6 Bf2 67. Rd6+ 1-0

[Event "Aktivschach 2008"]
[Site "?"]
[Date "2008.01.23"]
[Round "2"]
[White "MM II + HG240, Mephisto"]
[Black "MM IV + HG440, Mephisto"]
[Result "1-0"]
[WhiteElo "1805"]
[BlackElo "1946"]
[Annotator "Alexander Riedel"]
[PlyCount "167"]
[EventDate "2008.??.??"]
[SourceDate "2009.06.14"]

1. e4 e5 2. Nc3 Nf6 3. Bc4 Bc5 4. Nf3 Nc6 5. d3 d6 6. Na4 Bb6 7. Nxb6 axb6 8.
Bg5 h6 9. Bh4 O-O 10. O-O Bg4 11. c3 Na5 12. Bb5 c6 13. Ba4 d5 14. Qe2 dxe4 15.
dxe4 b5 16. Rad1 Qe7 17. Bc2 Nc4 18. Bb3 Bxf3 19. gxf3 Na5 20. Bc2 b6 21. b4
Nc4 22. Bb3 Nd6 23. Rd2 Rfd8 24. Rfd1 Nb7 25. Bg3 Rxd2 26. Rxd2 Qc7 27. Qf1 Rd8
28. Rxd8+ Nxd8 29. Qh3 c5 30. Bh4 Nd7 31. Bd5 Nf8 32. Qf5 Nde6 33. Bg3 Nf4 34.
Bxf4 exf4 35. a3 cxb4 36. axb4 Nh7 37. e5 Ng5 38. h4 Nh7 39. e6 g6 40. exf7+
Kg7 41. Qe6 Nf8 42. Qe1 Qd6 43. Qe4 Qd8 44. Qe5+ Qf6 45. Qxf6+ Kxf6 46. Kf1 h5
47. Ke2 Kf5 48. Kd3 g5 49. hxg5 Kxg5 50. Ke2 h4 51. Kf1 Ng6 52. Kg2 Kf6 53. Kh3
Ke7 54. Kg4 Kf6 55. Bb3 Ke7 56. Ba2 Kf6 57. f8=Q+ Nxf8 58. Kxf4 Ng6+ 59. Kg4 h3
60. Kxh3 Nf4+ 61. Kg4 Ne2 62. Bb3 Nxc3 63. Kf4 Ne2+ 64. Ke3 Nc3 65. f4 Kf5 66.
Kf3 Kf6 67. Bg8 Kf5 68. Ke3 Kf6 69. f3 Nd1+ 70. Kd2 Nb2 71. Bh7 Nc4+ 72. Kc3
Ke6 73. Kd4 Nd6 74. Bd3 Nf5+ 75. Bxf5+ Kxf5 76. Ke3 Kf6 77. Ke4 Ke6 78. f5+ Kd6
79. Kf4 Ke7 80. Ke5 Kd7 81. f6 Kd8 82. Ke6 Ke8 83. f7+ Kf8 84. f4 1-0

[Event "Aktivschach 2008"]
[Site "?"]
[Date "2009.09.03"]
[Round "2"]
[White "MM II + HG240, Mephisto"]
[Black "Modena, Mephisto"]
[Result "0-1"]
[WhiteElo "1805"]
[BlackElo "1859"]
[Annotator "Alexander Riedel"]
[PlyCount "128"]
[EventDate "2008.??.??"]
[SourceDate "2009.06.14"]

1. e4 e5 2. Nf3 Nc6 3. Bc4 Nf6 4. d4 exd4 5. e5 d5 6. Bb5 Ne4 7. Nxd4 Bd7 8.
Bxc6 bxc6 9. O-O Be7 10. Nd2 Nxd2 11. Qxd2 c5 12. Nb3 c4 13. Na5 c6 14. Qc3 O-O
15. Bf4 Qb6 16. Be3 Bb4 17. Bxb6 Bxc3 18. Bc7 Bxb2 19. Rab1 Bc3 20. Rb7 Bc8 21.
Rbb1 c5 22. Nc6 Re8 23. Bd6 Bf5 24. Ne7+ Rxe7 25. Bxe7 Bxe5 26. Rbd1 d4 27.
Rde1 Bc7 28. Bxc5 Bxc2 29. Re7 Bb6 30. Bd6 d3 31. Rfe1 f5 32. Bb4 Rd8 33. Bd2
Ba4 34. h4 c3 35. Bxc3 d2 36. Bxd2 Rxd2 37. R7e2 Rxe2 38. Rxe2 Kf7 39. Rb2 Bc6
40. Kf1 Ke6 41. f3 Ke5 42. Re2+ Kd6 43. Rd2+ Bd5 44. Rc2 Ke5 45. Ke2 Kf4 46.
Kd1 Kg3 47. h5 h6 48. Rd2 Bc4 49. a3 Bf1 50. Rd7 Bxg2 51. Rxg7+ Kxf3 52. Rg6
Be3 53. Kc2 Bf1 54. Rf6 Kg4 55. a4 Kg5 56. Re6 f4 57. Re5+ Kf6 58. Rd5 Be2 59.
Rd7 f3 60. Rd2 Bxd2 61. Kxd2 Kg5 62. Ke3 Kxh5 63. Kf2 Kg4 64. a5 Ba6 0-1

[Event "Aktivschach 2008"]
[Site "?"]
[Date "2008.08.26"]
[Round "2"]
[White "MM II + HG240, Mephisto"]
[Black "Polgar, Mephisto"]
[Result "1/2-1/2"]
[WhiteElo "1805"]
[BlackElo "2002"]
[Annotator "Alexander Riedel"]
[PlyCount "80"]
[EventDate "2008.??.??"]
[SourceDate "2009.06.14"]

1. c4 c6 2. d4 d5 3. Nf3 e6 4. e3 Bd6 5. cxd5 exd5 6. Bd3 Nf6 7. O-O O-O 8. Nc3
Re8 9. Qc2 Bg4 10. Ng5 h6 11. Nh7 Nxh7 12. Bxh7+ Kf8 13. f3 Bd7 14. e4 Qh4 15.
g3 Qh3 16. Qb3 b6 17. exd5 g6 18. Ne4 Bc7 19. dxc6 Nxc6 20. Nf6 Re2 21. Bxh6+
Qxh6 22. Nxd7+ Ke7 23. h4 Bxg3 24. Qd3 Rd2 25. Qe4+ Kxd7 26. Qd5+ Bd6 27. Qxf7+
Ne7 28. Rfe1 Qxh4 29. Qe6+ Kc7 30. Rac1+ Nc6 31. Rxc6+ $4 Kxc6 ({besser} 31...
Kb7) 32. Rc1+ Kb5 33. a4+ Ka5 34. Qd5+ Bc5 35. Rxc5+ bxc5 36. Qxc5+ Kxa4 37.
Qc4+ Ka5 38. Qc5+ Ka4 39. Qc4+ Ka5 40. Qc5+ Ka4 1/2-1/2

[Event "Aktivschach 2008"]
[Site "?"]
[Date "2008.10.27"]
[Round "1"]
[White "MM II + HG240, Mephisto"]
[Black "Roma 68000, Mephisto"]
[Result "0-1"]
[WhiteElo "1805"]
[BlackElo "1995"]
[Annotator "Alexander Riedel"]
[PlyCount "128"]
[EventDate "2008.??.??"]
[SourceDate "2009.06.14"]

1. e4 c6 2. d4 d5 3. exd5 cxd5 4. c4 Nf6 5. Nc3 e6 6. Nf3 Bb4 7. cxd5 Nxd5 8.
Bd2 Nc6 9. Be2 O-O 10. O-O Be7 11. Nxd5 Qxd5 12. Qa4 Rd8 13. Bc4 Qd7 14. Bb5
Qd6 15. Bxc6 bxc6 16. Rac1 Bb7 17. b4 Bf6 18. Rc4 Rd7 19. Bc3 Qd5 20. Rc5 Qe4
21. Rc1 a6 22. Ne5 Bxe5 23. dxe5 Rad8 24. Be1 Rd5 25. Rxd5 exd5 26. Qa5 Rd7 27.
Bc3 d4 28. Bd2 Qe2 29. Bf4 d3 30. e6 d2 31. exf7+ Kf8 32. Bxd2 Rxd2 33. Qc5+
Kxf7 34. h3 Rxa2 35. Qf5+ Kg8 36. Qf4 Qe7 37. Qc4+ Qf7 38. Qxf7+ Kxf7 39. Rd1
Bc8 40. Rd6 Rc2 41. Rd8 Be6 42. Ra8 Bc4 43. Ra7+ Kf6 44. Rc7 Bb5 45. g4 Rb2 46.
g5+ Kg6 47. Kg2 Rxb4 48. Rd7 a5 49. Ra7 a4 50. f3 Rb2+ 51. Kg3 Rb3 52. h4 a3
53. Kg4 h5+ 54. gxh6 Kxh6 55. f4 g6 56. h5 gxh5+ 57. Kf5 h4 58. Ra8 h3 59. Kf6
Kh5 60. Kf5 Bd3+ 61. Ke5 Kg4 62. Rg8+ Kf3 63. Rg1 Rb1 64. Rg8 a2 0-1

[Event "Aktivschach 2008"]
[Site "?"]
[Date "2009.08.09"]
[Round "1"]
[White "MM II + HG240, Mephisto"]
[Black "Super Expert C 6 MHz, Novag"]
[Result "0-1"]
[WhiteElo "1805"]
[BlackElo "2034"]
[Annotator "Alexander Riedel"]
[PlyCount "128"]
[EventDate "2008.??.??"]
[SourceDate "2009.06.14"]

1. e4 e5 2. Nf3 Nc6 3. Bb5 a6 4. Bxc6 dxc6 5. d3 Bd6 6. Nbd2 Ne7 7. Nc4 f6 8.
O-O O-O 9. Ne3 Be6 10. c3 Ng6 11. d4 Nf4 12. dxe5 fxe5 13. b3 Qf6 14. Nc2 Bg4
15. Nce1 Qg6 16. Bxf4 Rxf4 17. Qd3 Qxe4 18. Qxe4 Rxe4 19. h3 Bh5 20. g4 Bg6 21.
Ng2 Rf8 22. Nfh4 Re2 23. Nxg6 hxg6 24. Nh4 Bc5 25. Kh1 g5 26. Nf5 Bxf2 27. Rfd1
e4 28. a4 e3 29. Rd7 Rf7 30. Rxf7 Kxf7 31. Rf1 Kg6 32. Rc1 Rb2 33. Kg2 Be1+ 34.
Kf3 Bd2 35. Rd1 e2 36. Kxe2 Bxc3+ 37. Kf3 Rxb3 38. Rd3 Ra3 39. Ne3 Bb4 40. Rxa3
Bxa3 41. Nc4 Bb4 42. Ke4 Kf6 43. a5 Ke6 44. Kd4 g6 45. Ke4 c5 46. Ke3 Kd5 47.
Kd3 Be1 48. Ne3+ Kc6 49. Kc2 Bxa5 50. Nc4 Be1 51. Ne5+ Kd5 52. Nf7 Bh4 53. Nh8
b5 54. Nxg6 c4 55. Nxh4 gxh4 56. Kd2 c5 57. Kc1 b4 58. Kb1 c3 59. Kc2 Kc4 60.
Kd1 b3 61. g5 Kd5 62. Kc1 Ke6 63. g6 Kf6 64. g7 Kxg7 0-1

[Event "Aktivschach 2008"]
[Site "?"]
[Date "2008.10.29"]
[Round "1"]
[White "MM II + HG240, Mephisto"]
[Black "Monte Carlo, Mephisto"]
[Result "1-0"]
[WhiteElo "1805"]
[BlackElo "1888"]
[Annotator "Alexander Riedel"]
[PlyCount "179"]
[EventDate "2008.??.??"]
[SourceDate "2009.06.14"]

1. e4 e5 2. Nf3 Nc6 3. Bb5 a6 4. Ba4 Nf6 5. Bxc6 dxc6 6. d3 Bg4 7. O-O Bc5 8.
Nc3 O-O 9. Bg5 h6 10. Bd2 Re8 11. Qe2 Qe7 12. Qd1 Rad8 13. Qe2 Nd7 14. Na4 Bb4
15. Bxb4 Qxb4 16. b3 Qe7 17. Qe3 Bh5 18. Nb2 Nf6 19. Nc4 Bxf3 20. Qxf3 Qb4 21.
a3 Qc3 22. Ne3 a5 23. Ra2 c5 24. Nf5 Qd2 25. Qg3 Qg5 26. Qxg5 hxg5 27. f3 Kh7
28. g4 a4 29. Rd1 g6 30. Ne3 axb3 31. cxb3 Kg7 32. Rc2 Nd7 33. Kf2 Rh8 34. Ke1
f6 35. Nd5 c6 36. Ne3 b6 37. Kf1 Kf7 38. a4 Ra8 39. Ra1 Rh3 40. Kg2 Rh7 41. Kh1
Ke6 42. b4 Ke7 43. bxc5 Nxc5 44. Ra3 Rh3 45. Kg2 Rah8 46. Nf1 Kd6 47. Rac3 Kc7
48. a5 Kb8 49. axb6 Ne6 50. Rxc6 Nd4 51. Rc8+ Kb7 52. Rxh8 Rxh8 53. Rc7+ Kxb6
54. Rf7 f5 55. Rf6+ Kc5 56. Rxg6 fxg4 57. fxg4 Nc2 58. Rxg5 Ne1+ 59. Kf2 Nxd3+
60. Ke3 Rh3+ 61. Ng3 Kc4 62. Rh5 Nf4 63. Rxe5 Ng2+ 64. Kf2 Rxh2 65. Nf5 Nf4+
66. Kg3 Nd3 67. Nd6+ Kc3 68. Rf5 Rh1 69. Rf3 Kd4 70. Nf5+ Kc3 71. Re3 Rg1+ 72.
Kh4 Kd2 73. Rg3 Rd1 74. Kg5 Re1 75. Nd6 Kc3 76. Kf5 Rh1 77. g5 Kd4 78. g6 Rf1+
79. Ke6 Rf8 80. Nf5+ Kxe4 81. Re3+ Kf4 82. Rxd3 Rxf5 83. Rf3+ Kg5 84. Rxf5+
Kxg6 85. Re5 Kg7 86. Rg5+ Kh6 87. Kf6 Kh7 88. Rh5+ Kg8 89. Rh6 Kf8 90. Rh8# 1-0

[Event "Aktivschach 2008"]
[Site "?"]
[Date "2008.01.31"]
[Round "1"]
[White "MM IV + HG440, Mephisto"]
[Black "D++ 6 MHz, Saitek"]
[Result "1-0"]
[WhiteElo "1946"]
[BlackElo "2026"]
[Annotator "Alexander Riedel"]
[PlyCount "103"]
[EventDate "2008.??.??"]
[SourceDate "2009.06.14"]

1. e4 c5 2. Nf3 e6 3. d4 cxd4 4. Nxd4 Nf6 5. Nc3 Nc6 6. Nxc6 bxc6 7. e5 Nd5 8.
Nxd5 exd5 9. Bf4 Rb8 10. Qd4 Qa5+ 11. Bd2 Bb4 12. b3 O-O 13. Be2 Re8 14. f4 Ba6
15. Bxa6 Bxd2+ 16. Qxd2 Qxa6 17. Qd3 Qxd3 18. cxd3 f6 19. Kd2 fxe5 20. fxe5
Rxe5 21. Rhe1 Rxe1 22. Rxe1 Kf7 23. d4 Rb5 24. Rf1+ Ke7 25. Re1+ Kf6 26. Rf1+
Kg6 27. Re1 Ra5 28. a4 Kf6 29. Rf1+ Ke6 30. Rf8 h5 31. Rg8 Kf7 32. Rh8 d6 33.
Rxh5 Kg6 34. Rh8 Kf6 35. Rc8 c5 36. Ke3 cxd4+ 37. Kxd4 Ke6 38. g4 g6 39. h4 Ra6
40. Rc3 Ra5 41. h5 gxh5 42. gxh5 Kf5 43. Rh3 Rc5 44. h6 Rc8 45. Kxd5 Rh8 46. b4
Kg6 47. Rg3+ Kxh6 48. Rh3+ Kg7 49. Rxh8 Kxh8 50. b5 Kg7 51. a5 a6 52. bxa6 1-0

[Event "Aktivschach 2008"]
[Site "?"]
[Date "2008.01.20"]
[Round "1"]
[White "MM IV + HG440, Mephisto"]
[Black "GK 2000, Saitek"]
[Result "0-1"]
[WhiteElo "1964"]
[BlackElo "1974"]
[Annotator "Alexander Riedel"]
[PlyCount "124"]
[EventDate "2008.??.??"]
[SourceDate "2009.06.14"]

1. d4 c6 2. c4 d5 3. cxd5 cxd5 4. Nf3 Nf6 5. Nc3 Nc6 6. Bf4 Bf5 7. e3 e6 8. Bb5
Rc8 9. Ne5 Bd6 10. Qa4 Bxe5 11. dxe5 Nd7 12. Bxc6 Rxc6 13. Qxa7 Nc5 14. O-O O-O
15. Rfd1 Qa8 16. Qxa8 Rxa8 17. Nb5 Bc2 18. Rdc1 Nd3 19. Nd4 Nxc1 20. Rxc1 Rxa2
21. Nxc6 bxc6 22. b4 Rb2 23. f3 Ba4 24. h4 Rxb4 25. Kh2 h6 26. Kg3 Kf8 27. Rc5
Bb5 28. Rc1 Rb2 29. Kh3 Ke7 30. g4 c5 31. g5 hxg5 32. Bxg5+ f6 33. exf6+ gxf6
34. Bf4 e5 35. Bh2 Be2 36. Bg1 d4 37. exd4 cxd4 38. Re1 d3 39. Kg2 Rc2 40. Kf2
e4 41. fxe4 Bh5+ 42. Ke3 d2 43. Ra1 d1=Q 44. Rxd1 Bxd1 45. Bf2 Ke6 46. Bg3 Rc3+
47. Kf2 Bf3 48. Bf4 Bxe4 49. Be3 f5 50. Ke2 Rc2+ 51. Ke1 Ke5 52. Bf2 f4 53. Kf1
Bg6 54. Kg1 Rc1+ 55. Kh2 Be4 56. Kh3 Kf5 57. Bg3 Rc3 58. h5 Rxg3+ 59. Kh2 Rg2+
60. Kh1 f3 61. h6 f2 62. h7 f1=Q# 0-1

[Event "Aktivschach 2008"]
[Site "?"]
[Date "2008.01.24"]
[Round "1"]
[White "MM IV + HG440, Mephisto"]
[Black "Kishon Chesster, Fidelity"]
[Result "1-0"]
[WhiteElo "1946"]
[BlackElo "1873"]
[Annotator "Alexander Riedel"]
[PlyCount "145"]
[EventDate "2008.??.??"]
[SourceDate "2009.06.14"]

1. e4 e5 2. Nf3 Nc6 3. Bb5 a6 4. Ba4 Nf6 5. O-O Nxe4 6. d4 b5 7. Bb3 d5 8. dxe5
Be6 9. c3 Bc5 10. Nbd2 O-O 11. Bc2 Nxf2 12. Rxf2 f6 13. exf6 Bxf2+ 14. Kxf2
Qxf6 15. Kg1 Rae8 16. Bb3 d4 17. Ne4 Qf7 18. Bxe6 Qxe6 19. Nc5 Qd6 20. Qb3+ Rf7
21. Nxa6 Na7 22. Nb4 c5 23. Nd3 c4 24. Qb4 Qb6 25. Qc5 Qxc5 26. Nxc5 d3 27. Bd2
Re2 28. Re1 Nc6 29. Rxe2 dxe2 30. Kf2 Ra7 31. a3 Re7 32. Be3 Ne5 33. Nxe5 Rxe5
34. Kxe2 Kf7 35. Kf3 Ke8 36. Bd4 Re7 37. b4 cxb3 38. Nxb3 Kd7 39. Be3 Re5 40.
h3 h5 41. h4 g6 42. Bf4 Re1 43. Nd4 Rf1+ 44. Ke4 Rb1 45. Kd5 Rd1 46. Kc5 Rf1
47. g3 Ke7 48. Kb6 Re1 49. Kxb5 Rb1+ 50. Kc5 Ra1 51. Kb4 Kd7 52. c4 Rd1 53. Nf3
Rb1+ 54. Kc3 Kc8 55. Ne5 Rb6 56. c5 Re6 57. Kb4 Rf6 58. a4 Re6 59. Kb5 Rf6 60.
a5 Re6 61. c6 Re7 62. a6 Ra7 63. Nxg6 Rg7 64. Kb6 Rxg6 65. a7 Kd8 66. a8=Q+ Ke7
67. Qh8 Kf7 68. Qxh5 Kf6 69. Be5+ Kf7 70. Qf5+ Ke7 71. Qxg6 Kd8 72. Bf6+ Kc8
73. Qe8# 1-0